ბათუმის შოთა რუსთაველის სახელმწიფო უნივერსიტეტის ბიბლიოთეკა

Основы теории чисел. (ბიბ.ჩანაწერი № 48170)

000 -LEADER
fixed length control field 00480nam a2200193Ia 4500
001 - CONTROL NUMBER
control field 15052
003 - CONTROL NUMBER IDENTIFIER
control field GE_BSU
008 - FIXED-LENGTH DATA ELEMENTS--GENERAL INFORMATION
fixed length control field 181216s||||||||xx |||||||||||||| ||und||
040 ## - CATALOGING SOURCE
Transcribing agency GE_BSU
100 ## - MAIN ENTRY--PERSONAL NAME
Personal name Виноградов, И.М.
245 ## - TITLE STATEMENT
Title Основы теории чисел.
250 ## - EDITION STATEMENT
Edition statement 9-е изд.
260 ## - PUBLICATION, DISTRIBUTION, ETC.
Place of publication, distribution, etc. Москва
260 ## - PUBLICATION, DISTRIBUTION, ETC.
Name of publisher, distributor, etc. Наука
260 ## - PUBLICATION, DISTRIBUTION, ETC.
Date of publication, distribution, etc. 1981
300 ## - PHYSICAL DESCRIPTION
Extent 174стр.20см.
653 ## - INDEX TERM--UNCONTROLLED
Uncontrolled term Основы теории чисел.
942 ## - ADDED ENTRY ELEMENTS (KOHA)
Koha item type წიგნი
ეგზემპლარები
Withdrawn status Lost status Damaged status Not for loan Date acquired Barcode Date last seen Price effective from Koha item type
        2018-12-17 15562 2018-12-17 2018-12-17 წიგნი
        2018-12-17 16729 2018-12-17 2018-12-17 წიგნი
        2018-12-17 16856 2018-12-17 2018-12-17 წიგნი
        2018-12-17 18336 2018-12-17 2018-12-17 წიგნი